| 000 | 00641nam a22001697a 4500 | ||
|---|---|---|---|
| 999 |
_c9897 _d9897 |
||
| 008 | 180720b ||||| |||| 00| 0 eng d | ||
| 082 |
_22018 _aUT 0892 _bA11 |
||
| 100 |
_929245 _aAbad, Vanessa Joy J. |
||
| 245 |
_aSocio-emotional state and futuristic needs of displaced children / _cVanessa Joy J. Abad, Maristy B. Dumaguit, Lory Viel M. Silva. |
||
| 260 |
_aDigos City : _bUMDC _cApril 2018. |
||
| 300 |
_a85 pages ; _b30 cm. |
||
| 650 | 0 |
_929246 _aBS Psychology _vPsychology _xUndergraduate thesis. |
|
| 700 |
_929247 _aAbad, Vanessa Joy J. |
||
| 700 |
_929248 _aDumaguit, Maristy B. |
||
| 700 |
_929249 _aSilva, Lory Viel M. |
||
| 942 |
_2ddc _cUT |
||